000
00308nam a22001337a 4500
008
180814b xxu||||| |||| 00| 0 eng d
020
_a
9780721603629
041
_a
eng
080
_2
3rd
_a
610.73
100
_a
1
101
_a
INF
245
_a
Handbook of Nurse Anesthesia
_c
Nagelhout,J.J
942
_2
udc
_c
BK
999
_c
47137
_d
47137